[Event "Warsaw Najdorf Memorial op-B"]
[Site "Warsaw"]
[Date "2023.07.17"]
[Round "7"]
[White "Szuber, Dawid"]
[Black "Ryszkiewicz, Adam"]
[Result "0-1"]
[WhiteElo "1695"]
[BlackElo "1953"]
[PlyCount "120"]
[EventDate "2023.07.11"]
[EventType "swiss"]
[EventRounds "9"]
[EventCountry "POL"]
[SourceTitle "EXT 2024"]
[Source "ChessBase"]
[SourceDate "2023.10.10"]
[SourceVersion "1"]
[SourceVersionDate "2023.10.10"]
[SourceQuality "1"]

1. e4 c5 2. Nf3 Nc6 3. d4 cxd4 4. Nxd4 Nf6 5. Nc3 e5 6. Ndb5 d6 7. Nd5 Nxd5 8. exd5 Nb8 9. a4 Be7 10. Be2 0-0 11. 0-0 a6 12. Na3 f5 13. f4 e4 14. Be3 Nd7 15. Nc4 b6 16. Ra3 Rb8 17. Bd4 Nc5 18. Bxc5 bxc5 19. c3 Bd7 20. Qc2 Be8 21. Ne3 Qb6 22. Nc4 Qb7 23. Qd2 h6 24. g3 g5 25. b3 Bf7 26. Ne3 Bg6 27. Bd1 gxf4 28. gxf4 Bf6 29. Ra2 Qg7 30. c4 Bd4 31. Kh1 Kh7 32. Rg1 Qf6 33. Rg3 Rg8 34. Qe1 Qh4 35. Ng2 Qf6 36. Ne3 Bf7 37. Rag2 Rxg3 38. Rxg3 Rg8 39. Bc2 Bh5 40. Rxg8 Kxg8 41. Qg3+ Kf8 42. Bd1 Bxe3 43. Bxh5 Qa1+ 44. Kg2 Qg1+ 45. Kh3 Qf1+ 46. Qg2 Qxf4 47. Qg3 Qf1+ 48. Qg2 Qxg2+ 49. Kxg2 Kg7 50. Kf1 Kf6 51. Ke2 Bf4 52. h3 a5 53. Be8 Ke5 54. Bd7 Bg5 55. Kf2 Bh4+ 56. Ke2 f4 57. Bg4 f3+ 58. Ke3 Bg5+ 59. Kf2 Kf4 60. Kf1 e3 0-1

[Event "Wroclaw Anderssen Memorial op-B"]
[Site "Wroclaw"]
[Date "2023.??.??"]
[Round "2"]
[White "Sypek, Szymon"]
[Black "Szuber, Dawid"]
[Result "1/2-1/2"]
[WhiteElo "1601"]
[BlackElo "1756"]
[PlyCount "41"]
[EventDate "2023.08.06"]
[EventType "swiss"]
[EventRounds "9"]
[EventCountry "POL"]
[SourceTitle "EXT 2024"]
[Source "ChessBase"]
[SourceDate "2023.10.10"]
[SourceVersion "1"]
[SourceVersionDate "2023.10.10"]
[SourceQuality "1"]

1. e4 c5 2. c3 d5 3. exd5 Qxd5 4. Nf3 Nc6 5. d4 Bg4 6. Be2 e6 7. 0-0 Nf6 8. Na3 cxd4 9. cxd4 Bxa3 10. bxa3 0-0 11. Be3 Rfc8 12. Qb3 Na5 13. Qb2 Nc4 14. Bxc4 Rxc4 15. Ne5 Rcc8 16. Rac1 Bf5 17. Rxc8+ Rxc8 18. Rc1 Rxc1+ 19. Qxc1 Qd8 20. Qc5 a6 21. Bg5 1/2-1/2

[Event "Polanica Zdroj op-B 58th"]
[Site "Polanica Zdroj"]
[Date "2022.08.16"]
[Round "4"]
[White "Szuber, Dawid"]
[Black "Trusz, Julia"]
[Result "0-1"]
[WhiteElo "1484"]
[BlackElo "1706"]
[PlyCount "70"]
[EventDate "2022.08.13"]
[EventType "swiss"]
[EventRounds "9"]
[EventCountry "POL"]
[SourceTitle "CBM 210 Extra"]
[Source "ChessBase"]
[SourceDate "2022.11.30"]
[SourceVersion "1"]
[SourceVersionDate "2022.11.30"]
[SourceQuality "1"]

1. e4 Nf6 2. e5 Nd5 3. d4 d6 4. c4 Nb6 5. f4 dxe5 6. fxe5 Nc6 7. Be3 Bf5 8. Nc3 e6 9. Nf3 Be7 10. Be2 0-0 11. 0-0 f6 12. exf6 Bxf6 13. Qd2 Qe7 14. Rad1 Rad8 15. Qe1 Bg6 16. g4 h6 17. Qg3 e5 18. d5 e4 19. dxc6 exf3 20. Rxf3 Rxd1+ 21. Nxd1 Be4 22. Rf1 Bxc6 23. Qf2 Qe4 24. Bf3 Qxc4 25. Bxc6 Qxc6 26. g5 hxg5 27. Nc3 Nc4 28. Bxg5 Be7 29. Qg3 Qc5+ 30. Kg2 Rxf1 31. Kxf1 Bxg5 32. h4 Qf5+ 33. Kg1 Bf4 34. Qe1 Qg4+ 35. Kh1 Qf3+ 0-1

[Event "Polanica Zdroj op-D 56th"]
[Site "Polanica Zdroj"]
[Date "2020.08.19"]
[Round "5"]
[White "Kaczanowski, Pawel"]
[Black "Szuber, Dawid"]
[Result "1-0"]
[WhiteElo "1655"]
[BlackElo "1523"]
[PlyCount "71"]
[EventDate "2020.08.15"]
[EventType "swiss"]
[EventRounds "9"]
[EventCountry "POL"]
[SourceTitle "CBM 198 Extra"]
[Source "ChessBase"]
[SourceDate "2020.11.30"]
[SourceVersion "1"]
[SourceVersionDate "2020.11.30"]
[SourceQuality "1"]

1. e4 c5 2. Nf3 Nc6 3. d4 cxd4 4. Nxd4 d5 5. Bb5 dxe4 6. 0-0 Bd7 7. Nc3 Nf6 8. Bxc6 bxc6 9. Qe2 e6 10. Bg5 Be7 11. Nxe4 Nxe4 12. Bxe7 Qxe7 13. Qxe4 Rc8 14. Rfd1 0-0 15. Nf5 Qd8 16. Nxg7 Kxg7 17. Qd4+ Qf6 18. Qxf6+ Kxf6 19. Rxd7 a6 20. Kf1 Rfe8 21. Rad1 Re7 22. R1d3 Rxd7 23. Rxd7 Rb8 24. b3 Rb5 25. Ra7 Ra5 26. a4 e5 27. Ke2 Ke6 28. c4 h5 29. h4 Kf6 30. f3 Ke6 31. Kd3 f5 32. Kc3 e4 33. f4 Kd6 34. Rh7 e3 35. Rh6+ Kd7 36. Kd3 1-0

[Event "POL-chT U20 2nd League"]
[Site "Sypniewo"]
[Date "2020.??.??"]
[Round "7.37"]
[White "Szuber, Dawid"]
[Black "Kukula, Karol"]
[Result "0-1"]
[WhiteElo "1496"]
[BlackElo "1739"]
[PlyCount "98"]
[EventDate "2020.10.23"]
[EventType "team-swiss"]
[EventRounds "9"]
[EventCountry "POL"]
[SourceTitle "CBM 199 Extra"]
[Source "ChessBase"]
[SourceDate "2021.01.31"]
[SourceVersion "1"]
[SourceVersionDate "2021.01.31"]
[SourceQuality "1"]

1. e4 c5 2. Nc3 e6 3. g3 d5 4. exd5 exd5 5. d3 Nf6 6. Bg2 Be7 7. Nge2 Nc6 8. Nf4 d4 9. Ne4 0-0 10. 0-0 Bf5 11. Nxf6+ Bxf6 12. Nd5 Be6 13. Nxf6+ Qxf6 14. f4 Rad8 15. Qh5 Qf5 16. Qxf5 Bxf5 17. Bd2 Rfe8 18. Rae1 c4 19. dxc4 Bxc2 20. Bxc6 bxc6 21. Rxe8+ Rxe8 22. Re1 Be4 23. b4 f5 24. Kf2 Kf7 25. b5 c5 26. Ba5 Re6 27. Bc7 Bd3 28. Rxe6 Kxe6 29. Bb8 Bxc4 30. Bxa7 Kd5 31. a4 Bd3 32. Ke1 Kc4 33. Kd2 Be4 34. Bb6 Kb4 35. Ba7 Bd5 36. Bb6 Bb3 37. Bc7 Bxa4 38. b6 Bc6 39. Bd6 Kc4 40. Be7 Kd5 41. Bf8 g6 42. Bg7 c4 43. Bf8 Bb7 44. Bg7 c3+ 45. Kc1 Kc4 46. Kc2 d3+ 47. Kc1 d2+ 48. Kd1 Bf3+ 49. Kc2 d1Q# 0-1

[Event "POL-chT U19 2nd League"]
[Site "Iwonicz"]
[Date "2016.07.31"]
[Round "8.52"]
[White "Szuber, Dawid"]
[Black "Lewandowski, Wiktor"]
[Result "1/2-1/2"]
[WhiteElo "1268"]
[BlackElo "1406"]
[PlyCount "64"]
[EventDate "2016.07.23"]
[EventType "team-swiss"]
[EventRounds "11"]
[EventCountry "POL"]
[SourceTitle "EXT 2019"]
[Source "ChessBase"]
[SourceDate "2018.10.10"]
[SourceVersion "1"]
[SourceVersionDate "2018.10.10"]
[SourceQuality "1"]
[WhiteTeam "Radkow Giecek U19"]
[BlackTeam "Legnica Miedz U19"]
[WhiteTeamCountry "POL"]
[BlackTeamCountry "POL"]

1. e4 c5 2. c3 d5 3. exd5 Qxd5 4. d4 Nc6 5. Nf3 e5 6. dxe5 Qxd1+ 7. Kxd1 Bg4 8. Bf4 Nge7 9. Be2 Ng6 10. Bg3 0-0-0+ 11. Kc2 Bxf3 12. Bxf3 Ncxe5 13. Be4 Bd6 14. Nd2 Ne7 15. Rhe1 N5g6 16. Bxd6 Rxd6 17. Nc4 Rd7 18. g3 Rhd8 19. Rad1 Rxd1 20. Rxd1 Rxd1 21. Kxd1 Kc7 22. Kd2 h6 23. Kd3 b5 24. Ne3 Ne5+ 25. Kd2 Kd6 26. f4 Nd7 27. b3 Nf6 28. Bf3 Nd7 29. Kd3 a5 30. a4 bxa4 31. bxa4 Kc7 32. Nc4 Nb6 1/2-1/2

[Event "POL-chT U19 2nd League"]
[Site "Iwonicz"]
[Date "2016.07.31"]
[Round "10.58"]
[White "Szuber, Dawid"]
[Black "Sulima, Franciszek"]
[Result "0-1"]
[WhiteElo "1268"]
[BlackElo "1215"]
[PlyCount "119"]
[EventDate "2016.07.23"]
[EventType "team-swiss"]
[EventRounds "11"]
[EventCountry "POL"]
[SourceTitle "EXT 2019"]
[Source "ChessBase"]
[SourceDate "2018.10.10"]
[SourceVersion "1"]
[SourceVersionDate "2018.10.10"]
[SourceQuality "1"]
[WhiteTeam "Radkow Giecek U19"]
[BlackTeam "Gdynia MDK U19"]
[WhiteTeamCountry "POL"]
[BlackTeamCountry "POL"]

1. e4 d6 2. d4 Nf6 3. Nc3 g6 4. Nf3 Bg7 5. Be2 0-0 6. 0-0 Nbd7 7. h3 e5 8. dxe5 Nxe5 9. Nxe5 dxe5 10. Be3 Be6 11. Qxd8 Rfxd8 12. Rad1 a6 13. a3 Ne8 14. f3 Nd6 15. b3 h5 16. Rd2 Kh7 17. Rfd1 Bh6 18. Bxh6 Kxh6 19. Na4 b6 20. Nxb6 cxb6 21. Rxd6 Rxd6 22. Rxd6 b5 23. Rc6 Kg5 24. a4 bxa4 25. bxa4 Rc8 26. Rxa6 Rxc2 27. Bb5 Kf4 28. Kh2 Bc4 29. Rc6 Bxb5 30. axb5 Rb2 31. b6 Kg5 32. Rd6 f5 33. Rd5 Kf4 34. exf5 gxf5 35. Rd6 e4 36. fxe4 fxe4 37. Kg1 Ke3 38. Rd1 Rxb6 39. Re1+ Kd3 40. Kf1 Rf6+ 41. Kg1 e3 42. Ra1 e2 43. Ra3+ Kc4 44. Ra1 Kc3 45. g4 hxg4 46. hxg4 Kd3 47. Ra3+ Ke4 48. Ra1 Kf3 49. g5 Rf5 50. Ra3+ Kg4 51. Ra1 Kg3 52. Ra3+ Rf3 53. Ra1 Rd3 54. Rf1 exf1Q+ 55. Kxf1 Rd8 56. g6 Rg8 57. g7 Rxg7 58. Ke1 Ra7 59. Kd2 Kh4 60. Kd1 0-1